000 00340nam a22001457a 4500
008 210609b ||||| |||| 00| 0 eng d
020 _a9780072350739
041 _aeng
080 _25th
_a33
082 _a33
100 _a58
101 _aBIZ
245 _aBusiness and Administrative Communication
_cKitty O. Locker
942 _2udc
_cBK
999 _c58101
_d58101